000 00471nam a2200193 4500
001 23971
005 20230410143237.0
008 060907n1987 dr spa
020 _a9586042103
035 _9funglode24145
041 _aES
050 1 4 _aERICH
100 _aOlano V., Carlos Alberto
245 1 _aDerecho constitucional e instituciones polĂ­ticas
250 _a2
260 _aBogotá :
_bTemis,
_c1987
300 _a467 p.
942 _2lcc
_cbk
999 _c98019
_d98019